Matemática 1º Medio: texto del alumno
Gorde:
| Egile Nagusiak: | , |
|---|---|
| Formatua: | Liburua |
| Hizkuntza: | gaztelania |
| Argitaratua: |
Santiago
Arrayán
2001
|
| Gaiak: | |
| Etiketak: |
Etiketa erantsi
Etiketarik gabe, Izan zaitez lehena erregistro honi etiketa jartzen!
|
MARC
| LEADER | 00000nam a2200000 a 4500 | ||
|---|---|---|---|
| 001 | UCL4741 | ||
| 003 | CL-VaPUC | ||
| 008 | 040227e20010000CL |||||||||||||||||spa|d | ||
| 020 | |a 9562403394 | ||
| 082 | 0 | 4 | |a 510.712 |b CID |2 21 |
| 100 | 0 | |a Cid Figueroa, Eduardo |e author |9 482398 | |
| 700 | 0 | |a Muñoz Varisco, Marcia |e author |9 482399 | |
| 245 | 1 | 0 | |a Matemática 1º Medio: texto del alumno |
| 300 | |a 274 p | ||
| 942 | |c BK | ||
| 945 | |d 20040227 00:00:00 |a cmena | ||
| 260 | |a Santiago |b Arrayán |c 2001 | ||
| 500 | |a Complementario con Libro de ejercicios | ||
| 650 | 0 | |a Matemáticas |x Enseñanza |9 875527 | |
| 650 | 0 | |a Libros de texto |9 270019 | |
| 583 | |a last modification |c 20170821 01:23:38 |k Rodrigo Vera | ||
| 999 | |c 307516 |d 307514 | ||
| 952 | |0 0 |1 0 |4 0 |6 510_712000000000000_CID_2001 |7 0 |8 A |9 373506 |a BIBMAT |b BIBMAT |c E_DIDACT |d 2019-11-21 |i 3972623 |o 510.712 CID 2001 |p 3972623 |r 2025-01-07 |w 2019-11-21 |y BK |k MAT | ||
| 952 | |0 0 |1 0 |4 0 |6 510_712000000000000_CID_2001 |7 0 |8 A |9 373517 |a BIBMAT |b BIBMAT |c E_DIDACT |d 2019-11-21 |i 4252861 |o 510.712 CID 2001 |p 4252861 |r 2025-01-07 |w 2019-11-21 |y BK |k MAT | ||